2024 State Results - Statistics

General Stats
  • This quiz has been taken 10 times
  • The average score is 31 of 51
Answer Stats
State Presidential Candidate % Correct
Alabama Trump
100%
Alaska Trump
100%
Arizona Trump
100%
Arkansas Trump
100%
California Kamala
78%
Colorado Kamala
67%
Connecticut Kamala
67%
Delaware Kamala
67%
District of Columbia Kamala
67%
Hawaii Kamala
67%
Illinois Kamala
67%
Florida Trump
67%
Georgia Trump
67%
Idaho Trump
67%
Indiana Trump
67%
Maine Kamala
56%
Maryland Kamala
56%
Massachusetts Kamala
56%
Minnesota Kamala
56%
New Hampshire Kamala
56%
New Jersey Kamala
56%
New Mexico Kamala
56%
New York Kamala
56%
Oregon Kamala
56%
Rhode Island Kamala
56%
Vermont Kamala
56%
Virginia Kamala
56%
Washington Kamala
56%
Iowa Trump
56%
Kansas Trump
56%
Kentucky Trump
56%
Louisiana Trump
56%
Michigan Trump
56%
Mississippi Trump
56%
Missouri Trump
56%
Montana Trump
56%
Nebraska Trump
56%
Nevada Trump
56%
North Carolina Trump
56%
North Dakota Trump
56%
Ohio Trump
56%
Oklahoma Trump
56%
Pennsylvania Trump
56%
South Carolina Trump
56%
South Dakota Trump
56%
Tennessee Trump
56%
Texas Trump
56%
Utah Trump
56%
West Virginia Trump
56%
Wisconsin Trump
56%
Wyoming Trump
56%
No matching quizzes found
Score Distribution
Percent of People with Each Score
Percentile by Number Answered
Your Score History
You have not taken this quiz